Sưu tầm tư liệu lí luận văn học cổ "Nam sơn tùng thoại" /

में बचाया:
ग्रंथसूची विवरण
मुख्य लेखक: Nguyễn Đức Đạt.
अन्य लेखक: Đỗ Văn Hỷ (dịch.)
स्वरूप: लेख
भाषा:Vietnamese
विषय:
टैग : टैग जोड़ें
कोई टैग नहीं, इस रिकॉर्ड को टैग करने वाले पहले व्यक्ति बनें!
Thư viện lưu trữ: Thư viện Trường Đại học Đà Lạt
LEADER 00850nam a2200277 4500
001 DLU090068193
005 ##20090423
040 # # |a DLU  |b vie 
041 # # |a vie 
044 # # |a vn 
100 # # |a Nguyễn Đức Đạt. 
245 # # |a Sưu tầm tư liệu lí luận văn học cổ "Nam sơn tùng thoại" /  |c Nguyễn Đức Đạt, Đỗ Văn Hỷ dịch. 
653 # # |a Lí luận văn học  
653 # # |a Sưu tầm 
653 # # |a Tư liệu Hán Nôm 
700 # # |a Đỗ Văn Hỷ,   |e dịch. 
773 # # |t Tạp chí văn học  |g Số1, 1979, tr.148-149 
920 # # |a Phòng Tạp chí -- Trung tâm Thông tin - Thư viện Trường Đại học Đà Lạt 
994 # # |a DLU 
900 # # |a True 
911 # # |a Nguyễn Thị Linh Chi 
925 # # |a G 
926 # # |a A 
927 # # |a BB 
980 # # |a Thư viện Trường Đại học Đà Lạt